| 000 | 00424cam a2200169ua 4500 | ||
|---|---|---|---|
| 020 | _c1.50 | ||
| 041 |
_amal _h |
||
| 082 |
_a894.812809 _bEHR/SA |
||
| 100 | _aEhrenburg, Irya. | ||
| 245 |
_aSahityakaranum ayalude kalasrishtiyum / _cIrya Ehrenburg. _hTextual Documents |
||
| 260 |
_aThrissur : _bCurrent Books , _c1965. |
||
| 300 | _a102 ; . | ||
| 365 | _a1.50 | ||
| 504 | _a | ||
| 942 | _cBK | ||
| 999 |
_c5807 _d5807 |
||